000 00261nam a2200109Ia 4500
008 220204s9999 xx 000 0 und d
082 _a82-3
_bCHA
100 _aChase, James Hadley
245 0 _aNot safe to be free
260 _aLondon
_bCorgi
_c1977
942 _cBK
999 _c33212
_d33212